| 000 | 00668nam a22002057a 4500 | ||
|---|---|---|---|
| 005 | 20251108172724.0 | ||
| 008 | 250721s1987 xx 000 0 ara d | ||
| 082 | 1 | 4 | _a213.63/دني |
| 100 | 1 |
_aإبن أبي الدنيا، أبي بكر عبد الله بن محمد عبيد _eمؤلف |
|
| 245 | 1 | 0 | _aمن عاش بعد الموت / |
| 264 | 1 |
_aبيروت : _bدار الكتب العلمية، _c1987. |
|
| 300 | _a128ص | ||
| 650 | 1 | 7 | _aالحديث |
| 650 | 1 | 7 | _aعلوم الحديث |
| 650 | 1 | 7 | _aالموت |
| 650 | 1 | 7 | _aالحياة الآخرة |
| 700 | 1 |
_aجاب الله، علي أحمد علي _eمحقق |
|
| 942 |
_2ddc _cBK |
||
| 999 |
_c86854 _d86854 |
||